| 000 | 00361pab a2200133 454500 | ||
|---|---|---|---|
| 008 | 180718b xxu||||| |||| 00| 0 eng d | ||
| 100 | _aChen, Lincoln C. | ||
| 245 | _aHealth crises in Central Asian republics | ||
| 650 | _aHealth Services - Asia | ||
| 700 | _aRichard, Jolly | ||
| 700 | _aJon E., Rohde | ||
| 773 | _aEconomic and Political Weekly | ||
| 909 | _a21541 | ||
| 999 |
_c21541 _d21541 |
||